000 00738nam a2200217Ia 4500
999 _c51821
_d51821
003 GCL
005 20240530104927.0
008 140319s9999 xx 000 0 ara d
040 _aGCL /
_cGCL
082 0 4 _a029.907
_bا ا \\=aاحمد ابراهيم المهداوىv
100 _aابراهيم احمد المهداوى
245 1 0 _aارشيف المعلومات الصحفية
_cابراهيم احمد المهداوى
300 _a351 ص
490 _aالهيئة العامة للاستعلامات
_v0
650 0 4 _aالصحافة
650 0 4 _aمراكز المعلومات
650 0 4 _aالتوثيق
650 0 4 _aالارشيف والمحفوظات
650 0 4 _aالصحافة - توثيق
942 _2ddc
_cBK